| 000 | 00652nam a22002297a 4500 | ||
|---|---|---|---|
| 999 |
_c2770 _d2770 |
||
| 005 | 20181018150104.0 | ||
| 008 | 181018b ||||| |||| 00| 0 eng d | ||
| 040 | _cDLC | ||
| 082 |
_a220.07 _bD2291B |
||
| 100 | _aDas, Somen | ||
| 245 |
_aBible Study Series: Towards a Transformed and Transforming Community _cSomen Das |
||
| 260 |
_aDelhi _bISPCK _c2005 |
||
| 300 | _axxiii, 114p,; | ||
| 650 |
_aBible-Subaltern _xBible Studies _zIndia |
||
| 650 | _aBible-Gender | ||
| 650 | _aBible-Youth | ||
| 650 | _aBible-Children's | ||
| 650 | _aBible-Interfaith | ||
| 650 | _aBible-Environment | ||
| 650 | _aBible-Peace & Non-Violence | ||
| 942 |
_2ddc _cBK |
||